000 00171nam a2200073Ia 4500
008 170524s9999 xx 000 0 und d
100 _aTULL- D.S.
245 0 _aMARKETING RESEARCH
260 _bPHI NEW DELHI
999 _c8442
_d8442